Подробности
| 000 -МАРКЕР |
| контрольное поле |
02334njm0a2200505 4500 |
| 001 - ИДЕНТИФИКАТОР ЗАПИСИ |
| контрольное поле |
RU\NLR\ONIZ\224759 |
| 005 - ИДЕНТИФИКАТОР ВЕРСИИ |
| контрольное поле |
20250708192921.0 |
| 035 ## - ДРУГИЕ СИСТЕМНЫЕ НОМЕРА |
| Идентификатор записи |
(NLR Aleph) 011903821 |
| 035 ## - ДРУГИЕ СИСТЕМНЫЕ НОМЕРА |
| Идентификатор записи |
RU\NLR\ONIZ\GALA\5000033955\20181221145404 |
| 071 00 - ИЗДАТЕЛЬСКИЙ НОМЕР |
| Номер, присвоенный агентством |
2-054004 |
| 100 ## - ДАННЫЕ ОБЩЕЙ ОБРАБОТКИ |
| Данные общей обработки |
20181221f19001999|||y0rusy50 ca |
| 102 ## - СТРАНА ПУБЛИКАЦИИ ИЛИ ПРОИЗВОДСТВА |
| Страна публикации |
российская федерация |
| 126 ## - ПОЛЕ КОДИРОВАННЫХ ДАННЫХ: ЗВУКОЗАПИСИ - ФИЗИЧЕСКИЕ ХАРАКТЕРИСТИКИ |
| Кодированные данные звукозаписи (общие) |
aduxexu ux |
| Кодированные данные звукозаписи (уточнения) |
xxx |
| 127 ## - ПОЛЕ КОДИРОВАННЫХ ДАННЫХ: ПРОДОЛЖИТЕЛЬНОСТЬ ЗВУКОЗАПИСЕЙ И НОТНЫХ ИЗДАНИЙ (МУЗЫКАЛЬНОЕ ИСПОЛНЕНИЕ) |
| Продолжительность |
000008 |
| 135 ## - ПОЛЕ КОДИРОВАННЫХ ДАННЫХ: ЭЛЕКТРОННЫЕ РЕСУРСЫ |
| Кодированные данные для электронного ресурса |
honoannnanndn |
| 200 1# - ЗАГЛАВИЕ И СВЕДЕНИЯ ОБ ОТВЕТСТВЕННОСТИ |
| Основное заглавие |
Madama Butterfly |
| Общее обозначение материала |
Звукозапись |
| Сведения, относящиеся к заглавию |
Tutti i Fior [Дуэт, 2 акт] |
| Первые сведения об ответственности |
G. Puccini |
| Последующие сведения об ответственности |
исполн.: G. Farrar, [soprano], J. Jacoby, [orchestra] |
| 210 ## - ПУБЛИКАЦИЯ, РАСПРОСТРАНЕНИЕ И ДР. |
| Место издания, распространения и т.д. |
S. l. |
| Имя издателя, распространителя и т. д. |
Gramophone Monarch Record |
| Дата издания, распространения и т.д. |
[19--] |
| 215 ## - ФИЗИЧЕСКАЯ ХАРАКТЕРИСТИКА |
| Специфическое обозначение материала и объем |
1 грп.(08 мин): 78 об/мин, моно; 30 см, в конв. |
| 300 ## - ОБЩИЕ ПРИМЕЧАНИЯ |
| Текст примечания |
грп. односторонняя |
| 325 ## - ПРИМЕЧАНИЕ О КОПИИ |
| Текст примечания |
Копия доступна в электронной библиотеке РНБ |
| 500 00 - УНИФИЦИРОВАННОЕ ЗАГЛАВИЕ |
| Унифицированное заглавие |
Мадам Баттерфлай |
| Наименование раздела или части |
"Tutti i fior", дуэт из 2 д. |
| Общее обозначение материала |
Звукозапись |
| Сведения, относящиеся к заглавию/сведения о виде, жанре, характере документа |
опера |
| Средства исполнения (для музыкальных произведений) |
сопрано, меццо-сопрано и орк. |
| 606 1# - НАИМЕНОВАНИЕ ТЕМЫ КАК ПРЕДМЕТ |
| Наименование темы |
Оперные певцы начала века |
| Тематический подзаголовок |
Звукозапись |
| Географический подзаголовок |
США |
| Хронологический подзаголовок |
20 в. |
| Код системы |
nlr_sh |
| 686 ## - ИНДЕКСЫ ДРУГИХ КЛАССИФИКАЦИЙ |
| Индекс |
Щ942.29-071(4Ит) |
| Издание |
LBC/SL |
| Код системы |
|
| 700 #1 - ИМЯ ЛИЦА - ПЕРВИЧНАЯ ОТВЕТСТВЕННОСТЬ |
| Системный номер авторитетной/нормативной записи |
z01790 |
| Начальный элемент ввода |
Пуччини |
| Часть имени, кроме начального элемента ввода |
Д. |
| Даты |
1858 - 1924 |
| Расширение инициалов личного имени |
Джакомо |
| Код отношения |
Композитор |
| Графика поля |
Кириллица |
| 702 #1 - ИМЯ ЛИЦА - ВТОРИЧНАЯ ОТВЕТСТВЕННОСТЬ |
| Системный номер авторитетной/нормативной записи |
z07790 |
| Начальный элемент ввода |
Фаррар |
| Часть имени, кроме начального элемента ввода |
Д. |
| Даты |
1882-1967 |
| Расширение инициалов личного имени |
Джеральдина |
| Код отношения |
Исполнитель |
| -- |
|
| Графика поля |
Кириллица |
| 702 #1 - ИМЯ ЛИЦА - ВТОРИЧНАЯ ОТВЕТСТВЕННОСТЬ |
| Системный номер авторитетной/нормативной записи |
z08790 |
| Начальный элемент ввода |
Якоби |
| Часть имени, кроме начального элемента ввода |
Ж. |
| Даты |
1875-1948 |
| Расширение инициалов личного имени |
Жозефина |
| Код отношения |
Исполнитель |
| -- |
|
| Графика поля |
Кириллица |
| 790 #1 - ИМЯ ЛИЦА - АЛЬТЕРНАТИВНАЯ ФОРМА |
| Системный номер авторитетной/нормативной записи |
z01700 |
| Начальный элемент ввода |
Puccini |
| Часть имени, кроме начального элемента ввода |
G. |
| Даты |
1858 - 1924 |
| Расширение инициалов личного имени |
Giacomo |
| Код отношения |
Композитор |
| Графика поля |
Латинская |
| 790 #1 - ИМЯ ЛИЦА - АЛЬТЕРНАТИВНАЯ ФОРМА |
| Системный номер авторитетной/нормативной записи |
z07702 |
| Начальный элемент ввода |
Farrar |
| Часть имени, кроме начального элемента ввода |
G. |
| Даты |
1882-1967 |
| Расширение инициалов личного имени |
Geraldine |
| Код отношения |
Исполнитель |
| -- |
|
| Графика поля |
Латинская |
| 790 #1 - ИМЯ ЛИЦА - АЛЬТЕРНАТИВНАЯ ФОРМА |
| Системный номер авторитетной/нормативной записи |
z08702 |
| Начальный элемент ввода |
Jacoby |
| Часть имени, кроме начального элемента ввода |
J. |
| Даты |
1875-1948 |
| Расширение инициалов личного имени |
Josephina |
| Код отношения |
Исполнитель |
| -- |
|
| Графика поля |
Латинская |
| 801 #0 - ИСТОЧНИК ЗАПИСИ |
| Страна |
российская федерация |
| Организация |
NLR |
| Дата составления |
20181221 |
| Правила каталогизации |
PSBO |
| 801 #1 - ИСТОЧНИК ЗАПИСИ |
| Страна |
российская федерация |
| Организация |
NLR |
| Дата составления |
20181221 |
| Источник данных |
rusmarc |
| 801 #2 - ИСТОЧНИК ЗАПИСИ |
| Страна |
российская федерация |
| Организация |
NLR |
| Дата составления |
20181224 |
| 852 ## - МЕСТОНАХОЖДЕНИЕ И ШИФР ХРАНЕНИЯ |
| Идентификатор организации |
NLR |
| Наименование фонда или коллекции (Sub-Location Identifier) |
Мг |
| Шифр хранения (Call Number) |
3к/2935 |
| Страна |
|
| Номер экземпляра |
1 |
| 856 #0 - МЕСТОНАХОЖДЕНИЕ ЭЛЕКТРОННЫХ РЕСУРОВ И ДОСТУП К НИМ |
| Универсальный идентификатор ресурса (Uniform Resource Identifier) |
https://vivaldi.nlr.ru/mk000000675/view |
| 856 #1 - МЕСТОНАХОЖДЕНИЕ ЭЛЕКТРОННЫХ РЕСУРОВ И ДОСТУП К НИМ |
| Универсальный идентификатор ресурса (Uniform Resource Identifier) |
https://vivaldi.nlr.ru/mk000000675/cover |
| 856 #2 - МЕСТОНАХОЖДЕНИЕ ЭЛЕКТРОННЫХ РЕСУРОВ И ДОСТУП К НИМ |
| Универсальный идентификатор ресурса (Uniform Resource Identifier) |
https://vivaldi.nlr.ru/mk000000675/text |
| 942 ## - ДОПОЛНИТЕЛЬНЫЕ ЭЛЕМЕНТЫ ЗАПИСИ (АБИС) |
| Тип экземпляра АБИС |
Звукозапись |
| 980 ## - КОЛЛЕКЦИЯ |
| Название коллекции |
Национальная библиография |
| 980 ## - КОЛЛЕКЦИЯ |
| Название коллекции |
Отдел нот и звукозаписей |
| 981 24 - КОЛЛЕКЦИЯ ЭЛЕКТРОННОЙ БИБЛИОТЕКИ |
| Название коллекции |
Нотные издания и аудиозаписи |
| Название подколлекции |
Грампластинки |